[Event "CZE-chT1E 1617"]
[Site "Czech Republic"]
[Date "2016.10.16"]
[Round "1.4"]
[White "Rubal, Adam"]
[Black "Haba, Zdenek"]
[Result "1-0"]
[WhiteElo "2302"]
[BlackElo "2173"]
[PlyCount "75"]
[EventDate "2016.10.16"]
[EventType "team-tourn"]
[EventRounds "11"]
[EventCountry "CZE"]
[SourceTitle "CBM 175 Extra"]
[Source "ChessBase"]
[SourceDate "2016.12.12"]
[SourceVersion "1"]
[SourceVersionDate "2016.12.12"]
[SourceQuality "1"]
[WhiteTeam "Zlin"]
[BlackTeam "Jihlava Gordic"]
[WhiteTeamCountry "CZE"]
[BlackTeamCountry "CZE"]

1. d4 g6 2. Nf3 Bg7 3. Bf4 c5 4. c3 Nf6 5. e3 0-0 6. Nbd2 d6 7. Bd3 cxd4 8. cxd4 Nc6 9. 0-0 e5 10. Bg5 h6 11. Bxf6 Bxf6 12. dxe5 dxe5 13. Ne4 Bg7 14. Bc4 Na5 15. Bd5 Bg4 16. b4 Nc6 17. Qb3 Bxf3 18. gxf3 Qb6 19. Nc5 Qxb4 20. Nxb7 Qxb3 21. axb3 Nb4 22. Bc4 Rab8 23. Nd6 Nc6 24. Rfd1 e4 25. Ra6 Ne5 26. fxe4 Nxc4 27. bxc4 Be5 28. Rxa7 Rfd8 29. c5 Rbc8 30. Rd5 Bxd6 31. cxd6 Rc6 32. e5 Kf8 33. Rb5 Re8 34. Rbb7 Rc1+ 35. Kg2 Rxe5 36. Rb8+ Re8 37. Raa8 Rxb8 38. Rxb8+ 1-0

[Event "CZE-chT1E 1516"]
[Site "Czech Republic"]
[Date "2015.10.11"]
[Round "1.2"]
[White "Jasny, Stanislav"]
[Black "Rubal, Adam"]
[Result "0-1"]
[WhiteElo "2377"]
[BlackElo "2308"]
[PlyCount "68"]
[EventDate "2015.10.11"]
[EventType "team-tourn"]
[EventRounds "11"]
[EventCountry "CZE"]
[SourceTitle "CBM 169 Extra"]
[Source "ChessBase"]
[SourceDate "2015.12.18"]
[SourceVersion "1"]
[SourceVersionDate "2015.12.18"]
[SourceQuality "1"]
[WhiteTeam "Beskydy Chess School II"]
[BlackTeam "Zlin"]
[WhiteTeamCountry "CZE"]
[BlackTeamCountry "CZE"]

1. e4 g6 2. d4 d6 3. Nc3 a6 4. f4 b5 5. Bd3 Bg7 6. Be3 Nf6 7. e5 Ng4 8. Bd2 Nh6 9. Nf3 0-0 10. Qe2 Nc6 11. Be4 Bd7 12. 0-0-0 b4 13. Nd5 a5 14. h3 Nf5 15. Be1 e6 16. Ne3 Nxe3 17. Qxe3 d5 18. Bh4 Qb8 19. Bd3 b3 20. a3 bxc2 21. Bxc2 Qb6 22. g4 Rfb8 23. Qc3 Bf8 24. Rh2 a4 25. Bf6 Nb4 26. Bb1 c5 27. axb4 cxb4 28. Qe3 a3 29. b3 Rc8+ 30. Rc2 a2 31. Bxa2 Rxc2+ 32. Kxc2 Rxa2+ 33. Kb1 Qa5 34. Rc1 Qa3 0-1

[Event "CZE-chT1E 1415"]
[Site "Czech Republic"]
[Date "2015.02.15"]
[Round "8.3"]
[White "Sosna, Jan"]
[Black "Rubal, Adam"]
[Result "1/2-1/2"]
[WhiteElo "2364"]
[BlackElo "2271"]
[PlyCount "93"]
[EventDate "2014.10.19"]
[EventType "team-tourn"]
[EventRounds "11"]
[EventCountry "CZE"]
[SourceTitle "EXT 2016"]
[Source "ChessBase"]
[SourceDate "2015.10.08"]
[SourceVersion "1"]
[SourceVersionDate "2015.10.08"]
[SourceQuality "1"]
[WhiteTeam "Stare Mesto"]
[BlackTeam "Zlin"]
[WhiteTeamCountry "CZE"]
[BlackTeamCountry "CZE"]

1. d4 Nf6 2. Nf3 e6 3. Bg5 h6 4. Bh4 d6 5. e3 g5 6. Bg3 Nh5 7. Bd3 Bg7 8. c3 Qe7 9. Na3 Nd7 10. Qe2 a6 11. Nc2 0-0 12. 0-0-0 f5 13. Nd2 Qf7 14. f4 b5 15. fxg5 hxg5 16. e4 f4 17. Bf2 e5 18. Nb4 Ndf6 19. dxe5 dxe5 20. Nf3 g4 21. Nxe5 Qe8 22. Nbc6 Bb7 23. Na5 Bxe4 24. Bxe4 Qxe5 25. Bd5+ Nxd5 26. Qxe5 Bxe5 27. Rxd5 f3 28. g3 Rf5 29. Nc6 Re8 30. Re1 Nf4 31. Nxe5 Ne2+ 32. Kd2 Rfxe5 33. Rxe5 Rxe5 34. h3 gxh3 35. Rh1 Nf4 36. gxf4 Re2+ 37. Kd3 Rxf2 38. Rxh3 Rxb2 39. Rxf3 Rxa2 40. Re3 Ra4 41. Re6 Rxf4 42. Rxa6 Rc4 43. Rf6 Kg7 44. Rf5 c6 45. Rf1 Kg6 46. Rf8 Kg7 47. Rf1 1/2-1/2

[Event "CZE-chT1E 1415"]
[Site "Czech Republic"]
[Date "2015.01.18"]
[Round "6.3"]
[White "Krzyzanowski, Marcin"]
[Black "Rubal, Adam"]
[Result "1-0"]
[WhiteElo "2386"]
[BlackElo "2271"]
[PlyCount "69"]
[EventDate "2014.10.19"]
[EventType "team-tourn"]
[EventRounds "11"]
[EventCountry "CZE"]
[SourceTitle "EXT 2016"]
[Source "ChessBase"]
[SourceDate "2015.10.08"]
[SourceVersion "1"]
[SourceVersionDate "2015.10.08"]
[SourceQuality "1"]
[WhiteTeam "Orlova Slavia"]
[BlackTeam "Zlin"]
[WhiteTeamCountry "CZE"]
[BlackTeamCountry "CZE"]

1. e4 g6 2. d4 Bg7 3. Nc3 d6 4. f4 c6 5. Nf3 d5 6. e5 Bf5 7. Be2 h5 8. Be3 Nh6 9. h3 Qb6 10. b3 Nd7 11. 0-0 f6 12. Bf2 0-0-0 13. Qc1 Ng4 14. Na4 Qc7 15. hxg4 hxg4 16. Nh4 fxe5 17. fxe5 Nxe5 18. Qe3 Nf3+ 19. Bxf3 gxf3 20. g3 Be4 21. Qg5 Qd7 22. Nc5 Bf6 23. Nxd7 Bxg5 24. Nc5 Bf6 25. Rfe1 g5 26. Nxe4 dxe4 27. Nf5 Rh3 28. Rxe4 Rdh8 29. Nh4 gxh4 30. g4 Rg3+ 31. Bxg3 hxg3 32. Rf1 f2+ 33. Kg2 Bh4 34. g5 Bxg5 35. Kxg3 1-0

[Event "CZE-chT1E 1415"]
[Site "Czech Republic"]
[Date "2014.11.23"]
[Round "3.3"]
[White "Kacirek, Petr"]
[Black "Rubal, Adam"]
[Result "1-0"]
[WhiteElo "2289"]
[BlackElo "2271"]
[PlyCount "143"]
[EventDate "2014.10.19"]
[EventType "team-tourn"]
[EventRounds "11"]
[EventCountry "CZE"]
[SourceTitle "CBM 163 Extra"]
[Source "ChessBase"]
[SourceDate "2014.12.23"]
[SourceVersion "1"]
[SourceVersionDate "2014.12.23"]
[SourceQuality "1"]
[WhiteTeam "Rychnov nad Kneznou"]
[BlackTeam "Zlin"]
[WhiteTeamCountry "CZE"]
[BlackTeamCountry "CZE"]

1. e4 c5 2. Ne2 e6 3. Nbc3 Nc6 4. g3 d5 5. exd5 exd5 6. Bg2 Nf6 7. d4 cxd4 8. Nxd4 Bg4 9. Nxc6 bxc6 10. Qd4 Be7 11. Bg5 Qd7 12. 0-0 0-0 13. Rfe1 Rfe8 14. Na4 Rab8 15. c3 h6 16. Bf4 Rbc8 17. b4 Bh3 18. Rad1 Bf5 19. Nc5 Bxc5 20. Qxc5 Bc2 21. Rc1 Be4 22. f3 Bd3 23. Qd4 Qf5 24. g4 Qg6 25. a4 a6 26. h4 h5 27. g5 Nd7 28. Re3 Rxe3 29. Qxe3 Nf8 30. Re1 Ne6 31. Be5 Re8 32. Kh2 Kh7 33. Bh3 Bf5 34. Bf1 f6 35. gxf6 gxf6 36. Bg3 Rg8 37. Qf2 d4 38. Bc4 Qf7 39. cxd4 Qd7 40. Qe3 Re8 41. Qc3 Rd8 42. Bxa6 Nxd4 43. Bc4 c5 44. bxc5 Qc6 45. Re7+ Kh8 46. Be2 Rd7 47. Rxd7 Qxd7 48. Bd1 Qd5 49. c6 Kg7 50. c7 Bc8 51. Bf4 Qd7 52. Qe3 Qh3+ 53. Kg1 Nf5 54. Qe1 Bb7 55. Qf2 Kh8 56. Qh2 Qxh2+ 57. Bxh2 Nxh4 58. f4 Nf5 59. Bxh5 Kg7 60. Kf2 Kf8 61. Bg4 Ne7 62. Be6 Bc8 63. Bxc8 Nxc8 64. f5 Ke7 65. Kf3 Kd7 66. Ke4 Ne7 67. a5 Kc6 68. Bg3 Nc8 69. a6 Ne7 70. a7 Kb7 71. Bf2 Ka8 72. Bc5 1-0

[Event "CZE-chT1E 1415"]
[Site "Czech Republic"]
[Date "2014.10.19"]
[Round "1.4"]
[White "Rubal, Adam"]
[Black "Mudra, Tomas"]
[Result "1-0"]
[WhiteElo "2271"]
[BlackElo "2185"]
[PlyCount "53"]
[EventDate "2014.10.19"]
[EventType "team-tourn"]
[EventRounds "11"]
[EventCountry "CZE"]
[SourceTitle "EXT 2015"]
[Source "ChessBase"]
[SourceDate "2014.11.20"]
[SourceVersion "1"]
[SourceVersionDate "2014.11.20"]
[SourceQuality "1"]
[WhiteTeam "Zlin"]
[BlackTeam "Brno Duras II"]
[WhiteTeamCountry "CZE"]
[BlackTeamCountry "CZE"]

1. d4 Nf6 2. Nf3 g6 3. c4 Bg7 4. Nc3 d5 5. cxd5 Nxd5 6. e4 Nxc3 7. bxc3 0-0 8. Be3 c5 9. Qd2 Qa5 10. Rc1 Rd8 11. d5 Bg4 12. Ng5 h6 13. h3 Bd7 14. Nf3 Kh7 15. h4 h5 16. Be2 f5 17. e5 e6 18. 0-0 Qc7 19. Rfd1 Bc8 20. d6 Qa5 21. Bg5 Re8 22. Bf6 Nd7 23. Ng5+ Kh8 24. Nxe6 Nxf6 25. Nxg7 Rxe5 26. Qh6+ Nh7 27. d7 1-0

[Event "CZE-chT rap"]
[Site "Pardubice"]
[Date "2014.07.11"]
[Round "2.3"]
[White "Jaracz, Pawel"]
[Black "Rubal, Adam"]
[Result "1-0"]
[WhiteElo "2497"]
[BlackElo "2264"]
[PlyCount "73"]
[EventDate "2014.07.10"]
[EventType "team-swiss"]
[EventRounds "7"]
[EventCountry "CZE"]
[SourceTitle "CBM 161 Extra"]
[Source "ChessBase"]
[SourceDate "2014.08.29"]
[SourceVersion "1"]
[SourceVersionDate "2014.08.29"]
[SourceQuality "1"]

1. d4 g6 2. e4 Bg7 3. Nc3 d6 4. Be3 a6 5. Qd2 b5 6. h4 h5 7. 0-0-0 Bb7 8. f3 Nd7 9. Nh3 e6 10. Ng5 Qe7 11. d5 Ngf6 12. dxe6 fxe6 13. Ne2 Nh7 14. Nd4 Nxg5 15. hxg5 Ne5 16. Nb3 Nc4 17. Bxc4 bxc4 18. Na5 c3 19. Qd3 Bc8 20. e5 cxb2+ 21. Kb1 Kf7 22. Rh4 d5 23. Rf4+ Kg8 24. Qxg6 Bd7 25. Bc5 Be8 26. Bxe7 Bxg6 27. Bf6 Rb8 28. Nb3 c5 29. Nxc5 Kh7 30. Bxg7 Rhc8 31. Bf8 Rb5 32. Rd2 Bf5 33. a4 Rbxc5 34. Bxc5 Rxc5 35. g4 hxg4 36. fxg4 Be4 37. Kxb2 1-0

[Event "CZE-chT1E 1314"]
[Site "Czech Republic"]
[Date "2014.03.16"]
[Round "9.4"]
[White "Vyskocil, Neklan"]
[Black "Rubal, Adam"]
[Result "1-0"]
[WhiteElo "2376"]
[BlackElo "2243"]
[PlyCount "71"]
[EventDate "2013.10.20"]
[EventType "team-tourn"]
[EventRounds "11"]
[EventCountry "CZE"]
[SourceTitle "EXT 2015"]
[Source "ChessBase"]
[SourceDate "2014.11.20"]
[SourceVersion "1"]
[SourceVersionDate "2014.11.20"]
[SourceQuality "1"]
[WhiteTeam "Brno Duras"]
[BlackTeam "Zlin"]
[WhiteTeamCountry "CZE"]
[BlackTeamCountry "CZE"]

1. d4 g6 2. c4 Bg7 3. Nc3 Nf6 4. Bg5 0-0 5. Nf3 c5 6. e3 d6 7. Be2 Bf5 8. 0-0 h6 9. Bh4 Nbd7 10. h3 g5 11. Bg3 Qb6 12. Qd2 Ne4 13. Nxe4 Bxe4 14. Rad1 Rac8 15. b3 Qb4 16. h4 Qxd2 17. Rxd2 Bf6 18. hxg5 hxg5 19. Bd3 Bxf3 20. gxf3 cxd4 21. exd4 Rfd8 22. Be4 b5 23. cxb5 Rc3 24. Rfd1 Rdc8 25. Kg2 Kg7 26. Rd3 Rc2 27. a4 Nf8 28. f4 gxf4 29. Bxf4 Ne6 30. Rg3+ Kf8 31. Bh6+ Ke8 32. d5 Nd4 33. Be3 Nxb3 34. Bf5 e6 35. dxe6 fxe6 36. Bxc2 1-0

[Event "CZE-chT1E 1314"]
[Site "Czech Republic"]
[Date "2014.02.09"]
[Round "7.6"]
[White "Malivanek, Jiri"]
[Black "Rubal, Adam"]
[Result "0-1"]
[WhiteElo "2163"]
[BlackElo "2243"]
[PlyCount "70"]
[EventDate "2013.10.20"]
[EventType "team-tourn"]
[EventRounds "11"]
[EventCountry "CZE"]
[SourceTitle "EXT 2015"]
[Source "ChessBase"]
[SourceDate "2014.11.20"]
[SourceVersion "1"]
[SourceVersionDate "2014.11.20"]
[SourceQuality "1"]
[WhiteTeam "Chrudim"]
[BlackTeam "Zlin"]
[WhiteTeamCountry "CZE"]
[BlackTeamCountry "CZE"]

1. e4 c5 2. Nf3 e6 3. c4 b6 4. Nc3 Bb7 5. d4 cxd4 6. Nxd4 d6 7. Be3 Nf6 8. f3 Nbd7 9. Be2 Be7 10. 0-0 0-0 11. Qd2 a6 12. Rac1 Rc8 13. Rfd1 Qc7 14. Bf1 Kh8 15. Na4 Rg8 16. Qf2 g5 17. g4 h5 18. h3 Ne5 19. Bg2 Nxc4 20. Rxc4 Qxc4 21. Nxb6 Qc7 22. Nxc8 Rxc8 23. h4 Nh7 24. hxg5 Nxg5 25. Rc1 Qxc1+ 26. Bxc1 Rxc1+ 27. Kh2 Bf6 28. gxh5 Bxe4 29. Qe3 Rd1 30. Ne2 Rd3 31. Qc1 Nxf3+ 32. Bxf3 Rxf3 33. Ng3 Be5 34. Qh6+ Kg8 35. Qg5+ Kh7 0-1

[Event "CZE-chT2E 1213"]
[Site "Czech Republic"]
[Date "2012.11.04"]
[Round "2.2"]
[White "Seget, Milan"]
[Black "Rubal, Adam"]
[Result "0-1"]
[WhiteElo "2128"]
[BlackElo "2245"]
[PlyCount "82"]
[EventDate "2012.10.14"]
[EventType "team-tourn"]
[EventRounds "11"]
[EventCountry "CZE"]
[SourceTitle "EXT 2016"]
[Source "ChessBase"]
[SourceDate "2015.10.08"]
[SourceVersion "1"]
[SourceVersionDate "2015.10.08"]
[SourceQuality "1"]
[WhiteTeam "Prusanky Podluzan"]
[BlackTeam "Zlin II"]
[WhiteTeamCountry "CZE"]
[BlackTeamCountry "CZE"]

1. d4 g6 2. Nf3 Bg7 3. Bg5 c5 4. c3 Nf6 5. Nbd2 d5 6. e3 0-0 7. Bd3 Qb6 8. Rb1 Bf5 9. Bxf5 gxf5 10. Ne5 Qe6 11. 0-0 Ne4 12. Bf4 Bxe5 13. Bxe5 Nc6 14. Bf4 Kh8 15. f3 Nf6 16. Re1 Rg8 17. Nf1 Nh5 18. Bg3 cxd4 19. exd4 Qg6 20. Re2 Rg7 21. Qc2 Rc8 22. Rd1 Rcg8 23. Rdd2 e6 24. c4 Nxg3 25. hxg3 dxc4 26. d5 Nb4 27. Qxc4 Nxd5 28. Qc5 b6 29. Qc6 f4 30. g4 h5 31. Nh2 Qb1+ 32. Kf2 Rg5 33. Qd7 Qg6 34. Qxa7 hxg4 35. Nxg4 f5 36. Qd7 Nf6 37. Qd4 fxg4 38. Rxe6 g3+ 39. Kf1 Rf5 40. Qxb6 Rh5 41. Qc6 Qb1+ 0-1

[Event "CZE-chT1E 1112"]
[Site "Czech Republic"]
[Date "2012.03.18"]
[Round "10"]
[White "Hosek, Milan"]
[Black "Rubal, Adam"]
[Result "1/2-1/2"]
[WhiteElo "2289"]
[BlackElo "2232"]
[PlyCount "54"]
[EventDate "2011.10.02"]
[EventType "team-tourn"]
[EventRounds "11"]
[EventCountry "CZE"]
[SourceTitle "EXT 2013"]
[Source "ChessBase"]
[SourceDate "2012.11.22"]
[SourceVersion "1"]
[SourceVersionDate "2012.11.22"]
[SourceQuality "1"]
[WhiteTeam "Polabiny II"]
[BlackTeam "Zlin II"]
[WhiteTeamCountry "CZE"]
[BlackTeamCountry "CZE"]

1. e4 c5 2. Nf3 e6 3. d4 cxd4 4. Nxd4 Nf6 5. Nc3 d6 6. g3 Nc6 7. Bg2 Bd7 8. 0-0 Be7 9. Re1 0-0 10. b3 a6 11. Bb2 Rc8 12. Nce2 e5 13. Nxc6 Bxc6 14. Qd3 b5 15. Nc3 Qb6 16. a4 b4 17. Nd1 Qb7 18. Ne3 Bxe4 19. Bxe4 Nxe4 20. Qd5 Nc5 21. a5 Rfd8 22. Re2 Qd7 23. Rd1 Qc7 24. Nc4 Ne6 25. Nb6 Rb8 26. Qd3 Qb7 27. Qe4 Qxe4 1/2-1/2

[Event "CZE-chT1E 1011"]
[Site "Czech Republic"]
[Date "2010.12.12"]
[Round "5.4"]
[White "Rubal, Adam"]
[Black "Haba, Zdenek"]
[Result "1-0"]
[WhiteElo "2238"]
[BlackElo "2282"]
[PlyCount "75"]
[EventDate "2010.10.10"]
[EventType "team-tourn"]
[EventRounds "11"]
[EventCountry "CZE"]
[SourceTitle "EXT 2012"]
[Source "ChessBase"]
[SourceDate "2011.11.24"]
[SourceVersion "1"]
[SourceVersionDate "2011.11.24"]
[SourceQuality "1"]
[WhiteTeam "Zlin II"]
[BlackTeam "Jihlava Gordic"]
[WhiteTeamCountry "CZE"]
[BlackTeamCountry "CZE"]

1. d4 Nf6 2. Nf3 g6 3. c4 c5 4. Nc3 Bg7 5. g3 0-0 6. Bg2 Nc6 7. d5 Na5 8. Nd2 d6 9. 0-0 e5 10. Qc2 Ng4 11. b3 f5 12. Bb2 a6 13. Rab1 h5 14. Nd1 h4 15. e4 f4 16. h3 Nh6 17. g4 Nxg4 18. hxg4 Bxg4 19. Bf3 Bh3 20. Kh1 Bxf1 21. Nxf1 b5 22. cxb5 axb5 23. Nh2 b4 24. Bg4 Nb7 25. Ra1 Ra5 26. Qe2 Qg5 27. f3 Rfa8 28. Bc1 Nd8 29. Nf2 Qe7 30. Nd3 Qa7 31. Bb2 Rxa2 32. Rg1 Qa6 33. Be6+ Nxe6 34. dxe6 Rxb2 35. Qxb2 Qxd3 36. Qg2 Ra7 37. Qxg6 Re7 38. Ra1 1-0

[Event "CZE-chT1E 1011"]
[Site "Czech Republic"]
[Date "2010.11.28"]
[Round "4.2"]
[White "Biolek, Richard Jr"]
[Black "Rubal, Adam"]
[Result "0-1"]
[WhiteElo "2413"]
[BlackElo "2238"]
[PlyCount "92"]
[EventDate "2010.10.10"]
[EventType "team-tourn"]
[EventRounds "11"]
[EventCountry "CZE"]
[SourceTitle "EXT 2012"]
[Source "ChessBase"]
[SourceDate "2011.11.24"]
[SourceVersion "1"]
[SourceVersionDate "2011.11.24"]
[SourceQuality "1"]
[WhiteTeam "Grygov II"]
[BlackTeam "Zlin II"]
[WhiteTeamCountry "CZE"]
[BlackTeamCountry "CZE"]

1. e4 c5 2. Nf3 e6 3. d4 cxd4 4. Nxd4 Nf6 5. Nc3 d6 6. Be3 a6 7. g4 h6 8. f4 Nc6 9. Qf3 Nxd4 10. Bxd4 e5 11. fxe5 dxe5 12. Bxe5 Nxg4 13. Rd1 Qa5 14. Rd5 Qb4 15. Bh3 Nxe5 16. Rxe5+ Be7 17. a3 Qd6 18. Rd5 Qf6 19. 0-0 0-0 20. Bxc8 Raxc8 21. Qxf6 Bxf6 22. e5 Be7 23. Rd3 Rfd8 24. Nd5 Bg5 25. c3 Rc6 26. Rd4 Re6 27. h4 Rxe5 28. Rfd1 Bxh4 29. Nf6+ Bxf6 30. Rxd8+ Bxd8 31. Rxd8+ Kh7 32. Rd7 Rb5 33. b4 f5 34. a4 Rb6 35. Rc7 Kg6 36. a5 Rb5 37. Rd7 f4 38. Kf2 Kf6 39. Kf3 g5 40. Rd6+ Kf5 41. Rxh6 g4+ 42. Kg2 Rd5 43. Rh7 Rd2+ 44. Kf1 g3 45. Rxb7 g2+ 46. Kg1 f3 0-1

[Event "CZE-chT1E 1011"]
[Site "Czech Republic"]
[Date "2010.10.24"]
[Round "2.4"]
[White "Beil, Zdenek"]
[Black "Rubal, Adam"]
[Result "0-1"]
[WhiteElo "2266"]
[BlackElo "2238"]
[PlyCount "52"]
[EventDate "2010.10.10"]
[EventType "team-tourn"]
[EventRounds "11"]
[EventCountry "CZE"]
[SourceTitle "EXT 2012"]
[Source "ChessBase"]
[SourceDate "2011.11.24"]
[SourceVersion "1"]
[SourceVersionDate "2011.11.24"]
[SourceQuality "1"]
[WhiteTeam "Litovel II"]
[BlackTeam "Zlin II"]
[WhiteTeamCountry "CZE"]
[BlackTeamCountry "CZE"]

1. d4 Nf6 2. c4 g6 3. Nf3 Bg7 4. g3 0-0 5. Bg2 d6 6. 0-0 Nc6 7. Nc3 a6 8. h3 Rb8 9. Be3 Bd7 10. Rc1 b5 11. Nd2 e5 12. dxe5 Nxe5 13. cxb5 axb5 14. f4 Nc4 15. Nxc4 bxc4 16. Qd2 Re8 17. Bf2 Bf5 18. Rfe1 Be4 19. Ba7 Ra8 20. Bd4 Bxg2 21. Kxg2 Ne4 22. Nxe4 Rxe4 23. Rxc4 d5 24. Rb4 Qe7 25. Bc3 d4 26. Bxd4 Rd8 0-1

[Event "CZE-chT2e 0506"]
[Site "Czech Republic"]
[Date "2006.04.09"]
[Round "11.2"]
[White "Prikryl, Tomas"]
[Black "Rubal, Adam"]
[Result "1/2-1/2"]
[WhiteElo "2074"]
[BlackElo "2215"]
[PlyCount "40"]
[EventDate "2005.10.16"]
[EventType "team-tourn"]
[EventRounds "11"]
[EventCountry "CZE"]
[SourceTitle "EXT 2008"]
[Source "ChessBase"]
[SourceDate "2007.11.25"]
[SourceVersion "1"]
[SourceVersionDate "2007.11.25"]
[SourceQuality "1"]

1. Nf3 e6 2. g3 b6 3. Bg2 Bb7 4. 0-0 Nf6 5. d3 c5 6. e4 d6 7. Nc3 Nbd7 8. Ng5 h6 9. Nh3 Be7 10. f4 0-0 11. g4 Nh7 12. Be3 a6 13. Qd2 b5 14. Ne2 d5 15. e5 f6 16. exf6 Ndxf6 17. g5 Ng4 18. gxh6 Nxh6 19. c3 Nf5 20. Ng3 Qd7 1/2-1/2

[Event "CZE-chT2e 0506"]
[Site "Czech Republic"]
[Date "2005.10.16"]
[Round "1.2"]
[White "Rubal, Adam"]
[Black "Buran, Jaroslav"]
[Result "1/2-1/2"]
[WhiteElo "2215"]
[BlackElo "2239"]
[PlyCount "26"]
[EventDate "2005.10.16"]
[EventType "team-tourn"]
[EventRounds "11"]
[EventCountry "CZE"]
[SourceTitle "EXT 2008"]
[Source "ChessBase"]
[SourceDate "2007.11.25"]
[SourceVersion "1"]
[SourceVersionDate "2007.11.25"]
[SourceQuality "1"]

1. d4 Nf6 2. Nf3 c5 3. g3 g6 4. Bg2 Bg7 5. 0-0 0-0 6. c4 Na6 7. Nc3 cxd4 8. Nxd4 d6 9. b3 Nc5 10. Bb2 a6 11. Qd2 Rb8 12. Rac1 Bd7 13. Rfd1 b5 1/2-1/2

[Event "MOR-chT 0405"]
[Site "Czech Republic"]
[Date "2004.10.25"]
[Round "4.4"]
[White "Rubal, Adam"]
[Black "Malinovsky, Karel"]
[Result "1/2-1/2"]
[WhiteElo "2227"]
[BlackElo "2284"]
[PlyCount "45"]
[EventDate "2004.10.09"]
[EventType "team-tourn"]
[EventRounds "11"]
[EventCountry "CZE"]
[SourceTitle "CBM 103 Extra"]
[Source "ChessBase"]
[SourceDate "2005.01.01"]
[SourceVersion "1"]
[SourceVersionDate "2005.01.01"]
[SourceQuality "1"]

1. d4 d5 2. c4 e6 3. Nc3 Nf6 4. Bg5 Nbd7 5. e3 c6 6. Nf3 Be7 7. Rc1 0-0 8. Bd3 dxc4 9. Bxc4 Nd5 10. Bxe7 Qxe7 11. Ne4 N5f6 12. Ng3 e5 13. 0-0 e4 14. Nd2 Nb6 15. Bb3 Be6 16. Qc2 Bxb3 17. Nxb3 Nbd5 18. Nc5 Rfe8 19. Nf5 Qc7 20. Ng3 Qe7 21. Nf5 Qc7 22. Ng3 Qe7 23. Nf5 1/2-1/2

[Event "Stare Mesto op"]
[Site "Stare Mesto"]
[Date "2004.08.18"]
[Round "7"]
[White "Rubal, Adam"]
[Black "Knotek, Josef"]
[Result "0-1"]
[WhiteElo "2227"]
[BlackElo "2239"]
[PlyCount "48"]
[EventDate "2004.08.13"]
[EventType "swiss"]
[EventRounds "10"]
[EventCountry "CZE"]
[SourceTitle "EXT 2006"]
[Source "ChessBase"]
[SourceDate "2005.11.24"]
[SourceVersion "1"]
[SourceVersionDate "2005.11.24"]
[SourceQuality "1"]

1. d4 d5 2. c4 e6 3. Nc3 Nf6 4. Bg5 Be7 5. e3 c6 6. Nf3 Nbd7 7. Rc1 0-0 8. Bd3 dxc4 9. Bxc4 h6 10. Bh4 Nd5 11. Bxe7 Qxe7 12. 0-0 Nxc3 13. Rxc3 e5 14. dxe5 Nxe5 15. Nxe5 Qxe5 16. f4 Qe4 17. Bb3 Kh8 18. f5 f6 19. Qd2 b6 20. Rf4 Qe7 21. Rd3 a5 22. a3 Ra7 23. Rdd4 Rd7 24. Rfe4 Qxe4 0-1

[Event "Stare Mesto op"]
[Site "Stare Mesto"]
[Date "2004.08.17"]
[Round "6"]
[White "Rachela, Milan"]
[Black "Rubal, Adam"]
[Result "1/2-1/2"]
[WhiteElo "2308"]
[BlackElo "2227"]
[PlyCount "56"]
[EventDate "2004.08.13"]
[EventType "swiss"]
[EventRounds "10"]
[EventCountry "CZE"]
[SourceTitle "EXT 2006"]
[Source "ChessBase"]
[SourceDate "2005.11.24"]
[SourceVersion "1"]
[SourceVersionDate "2005.11.24"]
[SourceQuality "1"]

1. d4 d5 2. c4 e6 3. Nf3 Nf6 4. g3 dxc4 5. Bg2 Nc6 6. 0-0 Rb8 7. Nc3 b6 8. e4 Be7 9. Bf4 a6 10. Re1 0-0 11. d5 Nb4 12. Ne5 Bd6 13. Nc6 Nxc6 14. dxc6 e5 15. Bg5 Be6 16. Qe2 h6 17. Be3 Ng4 18. Rad1 Nxe3 19. fxe3 Qe8 20. Rxd6 cxd6 21. Nd5 Bxd5 22. exd5 b5 23. e4 Qe7 24. Bh3 Qa7+ 25. Qf2 Qxf2+ 26. Kxf2 g6 27. Ke3 Kg7 28. Rc1 f6 1/2-1/2